| Tag |
First Indicator |
Second Indicator |
Subfields |
| LEADER |
00000cam a2200000 4500 |
| 001 |
in00000012606 |
| 005 |
20151007051850.0 |
| 008 |
710520s1970 nyu b 00110 eng |
| 010 |
|
|
|a 75127353
|
| 020 |
|
|
|a 0030852595
|
| 035 |
|
|
|a (OCoLC)00142779
|
| 035 |
|
|
|9 AAA5180AM
|
| 040 |
|
|
|a DLC
|c DLC
|d m.c.
|d TXA
|d UtOrBLW
|
| 043 |
|
|
|a n-us---
|
| 049 |
|
|
|a TXAM
|c [A11482369]
|
| 050 |
0 |
0 |
|a KF4933
|b .Z95H45
|
| 050 |
|
4 |
|a KF4933.Z95
|b H45
|
| 082 |
0 |
|
|a 328.73/07
|
| 100 |
1 |
|
|a Herzberg, Donald G.
|
| 245 |
1 |
0 |
|a Essays on the state legislative process /
|c [by] Donald G. Herzberg, Jess Unruh.
|
| 264 |
|
1 |
|a New York :
|b Holt, Rinehart and Winston,
|c [1970]
|
| 264 |
|
4 |
|c [©1970]
|
| 300 |
|
|
|a xii, 116 pages ;
|c 23 cm.
|
| 336 |
|
|
|a text
|b txt
|2 rdacontent
|
| 337 |
|
|
|a unmediated
|b n
|2 rdamedia
|
| 338 |
|
|
|a volume
|b nc
|2 rdacarrier
|
| 504 |
|
|
|a Includes bibliographical references and index.
|
| 650 |
|
0 |
|a Legislation
|z United States
|x States.
|
| 700 |
1 |
|
|a Unruh, Jesse,
|d 1922-1987.
|
| 999 |
|
|
|a MARS
|
| 999 |
f |
f |
|s 129546b0-5335-3bff-b210-4bfc1a7df699
|i 06d7a4ea-99c0-331b-a8f4-52845171f80b
|t 0
|
| 952 |
f |
f |
|p ric
|a Texas A&M University
|b Rellis Campus
|c Joint Library Facility
|d Remote Storage
|t 0
|e KF4933.Z95 H45
|h Library of Congress classification
|i unmediated -- volume
|m A14811482369
|
| 998 |
f |
f |
|a KF4933.Z95 H45
|t 0
|l Remote Storage
|